[Event "Kragero op"]
[Site "Kragero"]
[Date "2022.02.25"]
[Round "5"]
[White "Manukyan, Hayk T"]
[Black "Nikolic, Vladan"]
[Result "0-1"]
[WhiteElo "1905"]
[BlackElo "2218"]
[PlyCount "102"]
[EventDate "2022.02.23"]
[EventType "swiss"]
[EventRounds "9"]
[EventCountry "NOR"]
[SourceTitle "CBM 207 Extra"]
[Source "ChessBase"]
[SourceDate "2022.05.31"]
[SourceVersion "1"]
[SourceVersionDate "2022.05.31"]
[SourceQuality "1"]

1. Nf3 d5 2. b3 c5 3. e3 a6 4. Bb2 Nc6 5. Be2 d4 6. e4 Nf6 7. d3 e5 8. 0-0 Be7 9. Nbd2 b5 10. h3 0-0 11. Nh2 Be6 12. Bc1 Rc8 13. Ng4 Nd7 14. Nxe5 Ndxe5 15. f4 c4 16. fxe5 cxd3 17. cxd3 Nxe5 18. Nf3 Nxf3+ 19. Bxf3 Bg5 20. Bg4 Rxc1 21. Rxc1 Bxc1 22. Qxc1 Bxg4 23. hxg4 Qc8 24. Qxc8 Rxc8 25. Rf5 Kf8 26. Rd5 Rc1+ 27. Kh2 Ra1 28. Rxd4 Rxa2 29. Rd8+ Ke7 30. Ra8 g6 31. g5 Rd2 32. Ra7+ Kf8 33. Ra8+ Kg7 34. Rd8 Rb2 35. d4 Rxb3 36. Ra8 Rb4 37. Rxa6 Rxd4 38. Rb6 b4 39. e5 Rg4 40. e6 fxe6 41. Rxe6 Rxg5 42. Rb6 Rg4 43. Kh3 h5 44. Kh2 Kh6 45. Rb5 Kg7 46. Rb6 Kf7 47. Kg1 Ke7 48. Kf2 Kd7 49. Kf3 Kc7 50. Rb5 Kc6 51. Rb8 Kc5 0-1

[Event "Kragero op"]
[Site "Kragero"]
[Date "2022.02.23"]
[Round "2"]
[White "Manukyan, Hayk T"]
[Black "Vestby Ellingsen, Mads"]
[Result "0-1"]
[WhiteElo "1905"]
[BlackElo "2368"]
[PlyCount "42"]
[EventDate "2022.02.23"]
[EventType "swiss"]
[EventRounds "9"]
[EventCountry "NOR"]
[SourceTitle "CBM 207 Extra"]
[Source "ChessBase"]
[SourceDate "2022.05.31"]
[SourceVersion "1"]
[SourceVersionDate "2022.05.31"]
[SourceQuality "1"]

1. d4 Nf6 2. Bg5 d5 3. e3 c5 4. Bxf6 gxf6 5. dxc5 e6 6. c4 dxc4 7. Nd2 Bxc5 8. Bxc4 Nc6 9. Qc2 Be7 10. Ngf3 Bd7 11. 0-0 Rc8 12. Qe4 0-0 13. Rfd1 Qc7 14. Rac1 Kh8 15. Qh4 Rg8 16. Ne4 Rg6 17. Qh5 Rcg8 18. Bf1 e5 19. Nh4 Bg4 20. Nxg6+ Rxg6 21. Qh4 f5 0-1

[Event "Kragero op"]
[Site "Kragero"]
[Date "2020.02.21"]
[Round "5"]
[White "Heimisson, Hilmir Freyr"]
[Black "Manukyan, Hayk T"]
[Result "1-0"]
[WhiteElo "2250"]
[BlackElo "1824"]
[PlyCount "29"]
[EventDate "2020.02.19"]
[EventType "swiss"]
[EventRounds "9"]
[EventCountry "NOR"]
[SourceTitle "CBM 195 Extra"]
[Source "ChessBase"]
[SourceDate "2020.05.31"]
[SourceVersion "1"]
[SourceVersionDate "2020.05.31"]
[SourceQuality "1"]

1. Nf3 d5 2. c4 c6 3. g3 Nf6 4. Bg2 Bg4 5. Ne5 Bf5 6. cxd5 cxd5 7. Qa4+ Nbd7 8. Nc3 Qc7 9. d4 e6 10. 0-0 Qb6 11. e4 dxe4 12. g4 Bxg4 13. Nxe4 Ke7 14. Bg5 Rd8 15. Nxg4 1-0